Vplyv vybraných faktorov na ochotu daňových subjektov platiť daň diplomová práca

Guardado en:
Detalles Bibliográficos
Autor principal: Šišková, Veronika, 1992-
Autor Corporativo: Národohospodárska fakulta EU. Katedra financií
Otros Autores: Schultzová, Anna
Formato: Libro
Lenguaje:eslovaco
Publicado: Bratislava 2019
Etiquetas: Agregar Etiqueta
Sin Etiquetas, Sea el primero en etiquetar este registro!

MARC

LEADER 00000nbm a2200000 4500
001 0254850
005 20240627095626.4
041 0 |a slo 
044 |a SK 
245 1 0 |a Vplyv vybraných faktorov na ochotu daňových subjektov platiť daň  |b diplomová práca  |c Veronika Šišková ; školiteľ: Anna Schultzová 
264 1 |a Bratislava  |c 2019 
300 |a 95 s. 
100 1 |a Šišková, Veronika, 1992- 
700 1 |a Schultzová, Anna 
710 2 |a Národohospodárska fakulta EU. Katedra financií